000 01462nam a22002057a 4500
005 20250215112416.0
008 250215b ||||| |||| 00| 0 eng d
020 _a9789356403383
040 _cAL
041 _aeng
082 _223
_a339
_bGOTM
100 _aNils Gottfries
_9199968
245 _aMacroeconomics
260 _aNew Delhi
_bBloomsbury
_c2023
300 _axxxvi,539p
_bPB
_c24x18cm.
365 _2General
_a6383
_b₹639.20
_c
_d₹799.00
_e20%
_f6/02/2025
520 _aMacroeconomics' presents a new approach to macroeconomics, based on microeconomic foundations combined with Keynesian-style short-run policy analysis. The book features: a pronounced international stance, systematically presenting data from several countries; consistent treatment of the long and short run and the closed and open economy; a highly relevant approach that takes account of market imperfections and rigidities, which characterize real economies; up-to-date chapters on EMU, business cycles, institutions and policy, and financial markets and crises; end of chapter summaries, exercises with varying levels of difficulty, plus appendices providing extension material Written in a clear and direct style, Gottfries's 'Macroeconomics' is the ideal textbook for students who seek a thorough understanding of modern macroeconomics in preparation for work or further study"--provided by publisher
650 _2Economics
_aMacroeconomics
_9199969
942 _2ddc
_cBK
999 _c233799
_d233799